कृष्णद्वादशी / (Record no. 114924)

MARC details
000 -LEADER
fixed length control field 01180nam a22002897a 4500
003 - CONTROL NUMBER IDENTIFIER
control field dpl
005 - DATE AND TIME OF LATEST TRANSACTION
control field 20181103133403.0
008 - FIXED-LENGTH DATA ELEMENTS--GENERAL INFORMATION
fixed length control field 181103b ||||| |||| 00| 0 eng d
010 ## - LIBRARY OF CONGRESS CONTROL NUMBER
LC control number B-037820
020 ## - INTERNATIONAL STANDARD BOOK NUMBER
Terms of availability 125.00
International Standard Book Number 8171196012
035 ## - SYSTEM CONTROL NUMBER
System control number B-037820, B-037825
037 ## - SOURCE OF ACQUISITION
Source of stock number/acquisition Cen Lib/Ret
040 ## - CATALOGING SOURCE
Original cataloging agency DPL
Language of cataloging HN
Transcribing agency 0
082 ## - DEWEY DECIMAL CLASSIFICATION NUMBER
Classification number
Item number महाश्वे
100 ## - MAIN ENTRY--PERSONAL NAME
Personal name महाश्वेता देवी
9 (RLIN) 59013
245 ## - TITLE STATEMENT
Title कृष्णद्वादशी /
Statement of responsibility, etc महाश्वेता देवी ; अनुवादक माहेश्वर
246 ## - VARYING FORM OF TITLE
Title proper/short title Krishndwadashi /
Remainder of title by Mahashweta Devi ; anuvadak Maheshwar
260 ## - PUBLICATION, DISTRIBUTION, ETC. (IMPRINT)
Place of publication, distribution, etc दिल्ली
Name of publisher, distributor, etc भूमिका प्रकाशन
Date of publication, distribution, etc 2000
270 ## - ADDRESS
Address जी-17, जगतपुरी
City दिल्ली
Postal code 110051
300 ## - PHYSICAL DESCRIPTION
Extent ix,110पृ.
Dimensions 21सेमी (सजिल्द)
650 ## - SUBJECT ADDED ENTRY--TOPICAL TERM
Topical term or geographic name as entry element हिन्दी -- साहित्य
9 (RLIN) 59014
650 ## - SUBJECT ADDED ENTRY--TOPICAL TERM
Topical term or geographic name as entry element हिन्दी -- कहानी
9 (RLIN) 779
650 ## - SUBJECT ADDED ENTRY--TOPICAL TERM
Topical term or geographic name as entry element Hindi -- Literature
9 (RLIN) 59015
650 ## - SUBJECT ADDED ENTRY--TOPICAL TERM
Topical term or geographic name as entry element Hindi -- story
9 (RLIN) 43117
700 ## - ADDED ENTRY--PERSONAL NAME
Personal name माहेश्वर
9 (RLIN) 59016
942 ## - ADDED ENTRY ELEMENTS (KOHA)
Source of classification or shelving scheme Dewey Decimal Classification
Koha item type Hindi Books
Classification part
Call number suffix महाश्वे
Holdings
Withdrawn status Lost status Damaged status Not for loan Home library Current library Date acquired Source of acquisition Cost, normal purchase price Total Checkouts Full call number Barcode Date last seen Copy number Cost, replacement price Price effective from Koha item type Source of classification or shelving scheme Collection code Total Renewals Date checked out
        Central Library Central Library 19/08/2015 Cen Lib/Ret 125.00   क महाश्वे B-037820 19/08/2015 1 125.00 19/08/2015 Hindi Books        
        Shahdara Branch Shahdara Branch 03/11/2018 BPPD/PUB 125.00   क महाश्वे B-037825 03/11/2018   125.00 03/11/2018 Hindi Books Dewey Decimal Classification Fiction    
        Yojana Vihar Yojana Vihar 19/07/2019 BPPD/PUB 125.00 4 क महाश्वे B-037826 11/02/2026   125.00 19/07/2019 Hindi Books Dewey Decimal Classification Fiction 4 28/01/2026

© Delhi Public Library
Hit Counter
free hit counter